Divided U.S. County Name Puzzle - 36 Most Common County Names - Statistics

General Stats
  • This quiz has been taken 683 times
  • The average score is 17 of 36
Answer Stats
County Name % Correct
WAS HING TON Washington
96%
JE FFE RSON Jefferson
86%
JA CKS ON Jackson
85%
LI NCO LN Lincoln
82%
JO HNS ON Johnson
78%
MON TGOM ERY Montgomery
76%
A DA MS Adams
75%
FRA NKL IN Franklin
75%
MA DIS ON Madison
75%
MO NR OE Monroe
72%
HAM IL TON Hamilton
70%
PO L K Polk
56%
G RA NT Grant
55%
LAW REN CE Lawrence
51%
L A KE Lake
48%
C LA RK Clark
43%
GR EE NE Greene
41%
CRA WFO RD Crawford
40%
U NIO N Union
39%
L E E Lee
38%
C LA Y Clay
34%
MA RSH ALL Marshall
34%
WA RR EN Warren
34%
CA LH OUN Calhoun
33%
DO UGL AS Douglas
31%
FA YET TE Fayette
31%
W AY NE Wayne
31%
HA NCO CK Hancock
30%
HE N RY Henry
29%
MA RI ON Marion
29%
LO GA N Logan
25%
MO RG AN Morgan
25%
CA RRO LL Carroll
23%
P ER RY Perry
20%
P I KE Pike
19%
S CO TT Scott
17%
No matching quizzes found
Score Distribution
Percent of People with Each Score
Percentile by Number Answered
Your Score History
You have not taken this quiz